| 000 | 00683nam a2200181 i 4500 | ||
|---|---|---|---|
| 001 | 125578 | ||
| 003 | ES-MaACL | ||
| 005 | 20230906192646.0 | ||
| 007 | t| | ||
| 008 | 070619s2005 sp ||||1| spa d | ||
| 100 | 1 |
_aZiegler, Robert F. _9118239 |
|
| 245 | 1 | 3 |
_aEl corazón del recién nacido y del lactante _b: (su evaluación en condiciones normales y patólógicas) / _cpor Robert F. Ziegler ; [versión... José A. Baena Fernández]. |
| 260 |
_aBarcelona : _bEdit. Científico Técnica, _c1970. |
||
| 300 |
_a195 p. : _bil. ; _c25 cm. |
||
| 650 | 1 | 4 |
_aNiños recién nacidos- _xEnfermedades. _915568 |
| 700 | 1 |
_aBaena Fernández, José A. _924590 |
|
| 852 |
_aES-MaACL _jC-37348 |
||
| 999 |
_c125578 _d125578 |
||